000 00555nam a2200205Ia 4500
003 OSt
005 20260211155848.0
020 _a0-07027246-8
040 _cLC
050 _aQP 34.5 .H 63 2001
100 _aSHIER, DAVID
245 0 _aHOLE'S HUMAN ANATOMY & PHYSIOLOGY
250 _a9
260 _aBOSTON,
_bMcGRAW-HILL HIGHER EDUCATION,
_c2001,
300 _aXXXVi, 1094 P, ILL
500 _aINCLUDES BIBLIOGRAPHICAL REFERENCES AND INDEX
650 _aHuman physiology, Human anatomy
700 _aBUTLER JACKIE, LEWIS RICKI
942 _cBK
_2lcc
999 _c60239
_d60239